Les pays enclavés d'Europe - Statistiques

Statistiques générales
  • Ce quiz a été pris 70 fois
    49 depuis la dernière actualisation
  • Le résultat moyen est 14 sur 15
Statistiques - réponses
Pays % Correct
Liechtenstein
98%
Andorre
96%
Hongrie
96%
Luxembourg
96%
Slovaquie
96%
Vatican
96%
Autriche
93%
Suisse
93%
Kosovo
91%
République Tchèque
91%
Saint-Marin
89%
Macédoine du nord
85%
Serbie
85%
Moldavie
83%
Biélorussie
80%
Aucun quiz correspondant
Distribution des résultats
% des personnes avec chaque résultat
Percentile par nombre de réponses
Votre historique - résultats
Vous n’avez pas pris ce quiz depuis la dernière actualisation